[Event "Sydney International Open 2013"]
[Site "Sydney AUS"]
[Date "2013.04.03"]
[Round "1.1"]
[White "Li Chao2"]
[Black "Castor,D"]
[Result "1-0"]
[WhiteTitle "GM"]
[WhiteElo "2686"]
[BlackElo "2116"]
[WhiteFideId "8604436"]
[BlackFideId "3204588"]
[EventDate "2013.04.03"]

1. d4 Nf6 2. c4 c5 3. d5 b5 4. cxb5 a6 5. bxa6 g6 6. Nc3 Bxa6 7. e4 Bxf1 8. Kxf1
d6 9. Nf3 Nbd7 10. g3 Bg7 11. Kg2 O-O 12. Qe2 Qa5 13. Bd2 Rfb8 14. b3 Qa6 15.
Qxa6 Rxa6 16. Rac1 Ne8 17. Na4 Nb6 18. Nxb6 Rbxb6 19. b4 Rxa2 20. bxc5 dxc5 21.
Rxc5 Nd6 22. Re1 f6 23. Bc3 Rc2 24. Nd4 Ra2 25. Ne6 Rb7 26. Rc6 Rd7 27. Bb4 Kf7
28. h4 h5 29. Bxd6 exd6 30. Rc8 Ra4 31. Re2 Rb4 32. Nd8+ Rxd8 33. Rxd8 Bf8 34.
f3 Rb7 35. Rc2 Ra7 36. Rdc8 Be7 37. R8c7 Ra8 38. Rb7 Re8 39. Rcc7 Kf8 40. g4 Kf7
41. Kg3 hxg4 42. fxg4 Kf8 43. h5 gxh5 44. gxh5 Bd8 45. Rf7+ Kg8 46. Rg7+ Kh8 47.
Rh7+ Kg8 48. Rbg7+ Kf8 49. h6 1-0

[Event "Sydney International Open 2013"]
[Site "Sydney AUS"]
[Date "2013.04.03"]
[Round "1.2"]
[White "Ferozkohi,I"]
[Black "Van Wely,L"]
[Result "0-1"]
[BlackTitle "GM"]
[WhiteElo "2107"]
[BlackElo "2684"]
[WhiteFideId "24666866"]
[BlackFideId "1000268"]
[EventDate "2013.04.03"]

1. Nf3 Nf6 2. g3 d5 3. b3 Bf5 4. Bg2 h6 5. Bb2 e6 6. O-O Be7 7. d3 O-O 8. Nbd2
c5 9. Nh4 Bh7 10. e4 Nc6 11. f4 Rc8 12. a4 c4 13. f5 cxd3 14. cxd3 Nb4 15. e5
Nxd3 16. Bd4 Nd7 17. f6 gxf6 18. exf6 Nxf6 19. Ndf3 Bc5 20. Bxc5 Nxc5 21. Qd2
Kg7 22. Nd4 Nce4 23. Qb2 Kg8 24. Kh1 Qb6 25. Rad1 Ng4 26. Rde1 f5 27. a5 Qd6 28.
Rf3 Qe5 29. Qa1 Rf7 30. h3 Ngf6 31. g4 fxg4 32. Rfe3 Qg5 0-1

[Event "Sydney International Open 2013"]
[Site "Sydney AUS"]
[Date "2013.04.03"]
[Round "1.3"]
[White "Vajda,Le"]
[Black "Wei,M"]
[Result "1-0"]
[WhiteTitle "GM"]
[WhiteElo "2632"]
[BlackElo "2104"]
[WhiteFideId "1203975"]
[BlackFideId "3204219"]
[EventDate "2013.04.03"]

1. e4 e6 2. d4 d5 3. Nd2 Nf6 4. e5 Nfd7 5. c4 dxc4 6. Nxc4 Nb6 7. Nxb6 axb6 8.
Nf3 Be7 9. Bd3 c5 10. O-O Nc6 11. Qe2 Nxd4 12. Nxd4 cxd4 13. Qg4 g6 14. Bh6 Bf8
15. Qf4 Bd7 16. Rfd1 Bc6 17. Bxf8 Kxf8 18. Bc4 Kg7 19. Rxd4 Qe7 20. Rad1 Rhd8
21. Qf6+ 1-0

[Event "Sydney International Open 2013"]
[Site "Sydney AUS"]
[Date "2013.04.03"]
[Round "1.4"]
[White "Broekhuyse,P"]
[Black "Heberla,B"]
[Result "0-1"]
[BlackTitle "GM"]
[WhiteElo "2076"]
[BlackElo "2562"]
[WhiteFideId "3202925"]
[BlackFideId "1115120"]
[EventDate "2013.04.03"]

1. e4 g6 2. d4 Bg7 3. Nf3 c5 4. Nc3 cxd4 5. Nxd4 Nc6 6. Be3 Nf6 7. Bc4 O-O 8.
O-O d6 9. h3 Nxe4 10. Nxe4 d5 11. Nxc6 bxc6 12. Bd3 dxe4 13. Bxe4 Qc7 14. c3 Rb8
15. Qa4 Rxb2 16. Qxc6 Qxc6 17. Bxc6 a6 18. Bc5 Bf6 19. Bb4 Be6 20. a4 Rb8 21.
Rad1 Bb3 22. Rd7 Rc2 23. Rfd1 Kg7 24. Rb1 Ba2 25. Rbd1 Rxb4 26. cxb4 Rxc6 27.
Rb7 Rc2 28. b5 axb5 29. axb5 Rb2 30. b6 Bb3 31. Rdd7 Ba4 32. Rxe7 Bxe7 33. Rxe7
Rxb6 34. Ra7 Bc6 35. Re7 h5 36. Re1 Rb5 37. Rc1 Be4 38. Rc4 Bf5 39. Kh2 Be6 40.
Rc3 Rg5 41. Rd3 Bd5 42. g3 Be6 43. h4 Rd5 44. Re3 Rd1 45. f3 Rd2+ 46. Kg1 Kf6
47. Ra3 Ke5 48. Ra1 0-1

[Event "Sydney International Open 2013"]
[Site "Sydney AUS"]
[Date "2013.04.03"]
[Round "2.3"]
[White "Bjelobrk,I"]
[Black "Vajda,Le"]
[Result "0-1"]
[WhiteTitle "FM"]
[BlackTitle "GM"]
[WhiteElo "2329"]
[BlackElo "2632"]
[WhiteFideId "4300726"]
[BlackFideId "1203975"]
[EventDate "2013.04.03"]

1. Nf3 Nf6 2. c4 g6 3. Nc3 Bg7 4. e4 d6 5. d4 O-O 6. h3 Nbd7 7. Be3 e5 8. d5 a5
9. g4 Nc5 10. Bxc5 dxc5 11. Qd2 Ne8 12. Qe3 b6 13. Bd3 Nd6 14. O-O-O a4 15. a3
Bd7 16. Rdg1 Qc8 17. Kb1 Rb8 18. Rc1 Kh8 19. Rhg1 f6 20. Rc2 Nf7 21. Qe2 Bh6 22.
Nh4 Nd6 23. Ka1 Nb7 24. Ka2 Na5 25. Nf3 Nb3 26. Kb1 Rf7 27. Nb5 Ra8 28. Rc3 Ra5
29. Bc2 Nd4 30. Nfxd4 cxd4 31. Rf3 Rf8 32. Bd3 c6 33. dxc6 Qxc6 34. h4 Raa8 35.
Rh3 Bf4 36. h5 g5 37. f3 Rfc8 38. Rhh1 Be6 39. Qd1 Qd7 40. Qf1 Rc5 41. Rg2 Bf7
42. Ka1 Qe6 43. Qb1 Qc6 44. Rc2 Bxc4 45. Bxc4 Rxc4 46. Rxc4 Qxc4 47. Qf1 Qc6 48.
Qd3 Ra5 49. Nc3 dxc3 50. bxc3 Ra8 51. h6 Kg8 52. Rb1 Rc8 0-1

[Event "Sydney International Open 2013"]
[Site "Sydney AUS"]
[Date "2013.04.03"]
[Round "2.4"]
[White "Heberla,B"]
[Black "Li,Zuhao Luke"]
[Result "1/2-1/2"]
[WhiteTitle "GM"]
[WhiteElo "2562"]
[BlackElo "2287"]
[WhiteFideId "1115120"]
[BlackFideId "4303431"]
[EventDate "2013.04.03"]

1. c4 e6 2. Nc3 d5 3. d4 c6 4. Nf3 dxc4 5. a4 Bb4 6. Bd2 a5 7. e4 b5 8. Be2 Nf6
9. Qc2 Ba6 10. O-O Nbd7 11. Rfd1 h6 12. e5 Nd5 13. axb5 cxb5 14. Nxd5 Bxd2 15.
Qxd2 exd5 16. Rxa5 O-O 17. Rda1 Qb6 18. Nh4 b4 19. Bg4 Nb8 20. Rc5 Nc6 21. Re1
Bc8 22. Bxc8 Raxc8 23. Nf5 Qd8 24. h4 Rc7 25. Re3 Ne7 26. Nxe7+ Qxe7 27. Rxc7
Qxc7 28. Qxb4 Rb8 29. Qd2 Rb5 30. Rg3 Qb6 31. Qf4 Rxb2 32. Qg4 g6 33. h5 g5 34.
Rf3 Qe6 35. Qg3 Kg7 36. Rf6 Rb3 37. Rxe6 Rxg3 38. Rd6 Rd3 39. Rxd5 c3 40. Rc5
Rd1+ 41. Kh2 Rxd4 42. Rxc3 Rh4+ 43. Kg3 Rxh5 44. Rc7 Kg6 45. Rc6+ Kf5 46. Rf6+
Kxe5 47. Rxf7 Rh4 48. Kf3 Ke6 49. Rh7 Kf6 50. g3 Kg6 51. Ra7 Rb4 52. Ra6+ Kg7
53. Ke3 h5 54. Ra7+ 1/2-1/2

[Event "Sydney International Open 2013"]
[Site "Sydney AUS"]
[Date "2013.04.04"]
[Round "3.1"]
[White "Li Chao2"]
[Black "Horvath,Ad1"]
[Result "1-0"]
[WhiteTitle "GM"]
[BlackTitle "GM"]
[WhiteElo "2686"]
[BlackElo "2509"]
[WhiteFideId "8604436"]
[BlackFideId "708003"]
[EventDate "2013.04.03"]

1. d4 Nf6 2. Nf3 e6 3. g3 b5 4. Bg2 Bb7 5. O-O d5 6. c3 Nbd7 7. a4 b4 8. Bg5
bxc3 9. bxc3 Be7 10. c4 dxc4 11. Nbd2 c3 12. Qb3 Rb8 13. Bxf6 Bxf6 14. Qxc3 c5
15. Rad1 O-O 16. Qe3 cxd4 17. Nxd4 Bxg2 18. Kxg2 Bxd4 19. Qxd4 Nf6 20. Nf3 Qxd4
21. Rxd4 Rfc8 22. Ne5 Kf8 23. Nd7+ Nxd7 24. Rxd7 Rc2 25. Rxa7 Rxe2 26. Rc1 Re5
27. a5 g5 28. a6 Rb2 29. Rb7 Ra2 30. a7 Kg7 31. Rc2 Ra1 32. Rc3 Kg6 33. Rc8 Rea5
34. Rg8+ Kf6 35. Rf8 g4 36. Rfxf7+ Ke5 37. Rxh7 Kd5 1-0

[Event "Sydney International Open 2013"]
[Site "Sydney AUS"]
[Date "2013.04.04"]
[Round "3.2"]
[White "Czebe,A"]
[Black "Van Wely,L"]
[Result "1-0"]
[WhiteTitle "GM"]
[BlackTitle "GM"]
[WhiteElo "2479"]
[BlackElo "2684"]
[WhiteFideId "705268"]
[BlackFideId "1000268"]
[EventDate "2013.04.03"]

1. c4 e5 2. g3 Nc6 3. Bg2 g6 4. Nc3 Bg7 5. Rb1 a5 6. a3 d6 7. b4 axb4 8. axb4 f5
9. b5 Nd4 10. d3 h6 11. e3 Ne6 12. Nge2 Nf6 13. O-O O-O 14. Qc2 Qe8 15. Bb2 g5
16. Ra1 Rxa1 17. Rxa1 g4 18. Kh1 Ng5 19. Ng1 Qh5 20. Nd5 Nf3 21. Bxf3 gxf3 22.
Ne7+ Kh8 23. Nxc8 Rxc8 24. c5 Ng4 25. Nxf3 Nxe3 26. Qe2 Nd5 27. Re1 b6 28. cxd6
cxd6 29. Nh4 Qf7 30. Qf3 f4 31. Qe4 fxg3 32. hxg3 Rc2 33. Rc1 Rxc1+ 34. Bxc1 Nc3
35. Qc4 Nd5 36. Kg1 Bf8 37. Nf5 Qxf5 38. Qxd5 h5 39. Be3 h4 40. Qe4 Qd7 41.
Qxh4+ Kg7 42. Bh6+ Kf7 43. Qh5+ Ke7 44. Bg5+ 1-0

[Event "Sydney International Open 2013"]
[Site "Sydney AUS"]
[Date "2013.04.04"]
[Round "4.1"]
[White "Zhao Zong Yuan"]
[Black "Li Chao2"]
[Result "1/2-1/2"]
[WhiteTitle "GM"]
[BlackTitle "GM"]
[WhiteElo "2537"]
[BlackElo "2686"]
[WhiteFideId "3202534"]
[BlackFideId "8604436"]
[EventDate "2013.04.03"]

1. e4 e5 2. Nf3 Nf6 3. Nxe5 d6 4. Nf3 Nxe4 5. Nc3 Nxc3 6. dxc3 Be7 7. Be3 Nc6 8.
Qd2 Be6 9. Nd4 Nxd4 10. cxd4 d5 11. Bd3 O-O 12. O-O Qd7 13. Rfe1 Rfe8 14. c3 Bf5
15. Bf4 Bxd3 16. Qxd3 c6 17. h3 1/2-1/2

[Event "Sydney International Open 2013"]
[Site "Sydney AUS"]
[Date "2013.04.04"]
[Round "4.2"]
[White "Sethuraman,S"]
[Black "Czebe,A"]
[Result "1-0"]
[WhiteTitle "GM"]
[BlackTitle "GM"]
[WhiteElo "2541"]
[BlackElo "2479"]
[WhiteFideId "5021596"]
[BlackFideId "705268"]
[EventDate "2013.04.03"]

1. d4 d6 2. Nf3 g6 3. c4 Bg7 4. g3 e5 5. Nc3 Nd7 6. Bg2 Ne7 7. O-O O-O 8. e4
exd4 9. Nxd4 Nc6 10. Nde2 a5 11. Rb1 Nc5 12. Be3 Be6 13. b3 a4 14. b4 Nd7 15. c5
dxc5 16. bxc5 Na5 17. Rb4 a3 18. Nd5 c6 19. Nef4 Re8 20. Nxe6 fxe6 21. Nf4 Qe7
22. Nd3 Ne5 23. Nxe5 Bxe5 24. Ra4 Red8 25. Qc2 Bb2 26. h4 Qd7 27. Bh3 Kf7 28. e5
Qd3 29. Rf4+ Kg7 30. Qxd3 Rxd3 31. Bxe6 Bxe5 32. Rf7+ Kh8 33. Bh6 Nb3 34. Re1
Bd4 35. Bc4 Rxg3+ 36. Kh2 Rg4 37. Kh3 Na5 38. Be6 1-0

[Event "Sydney International Open 2013"]
[Site "Sydney AUS"]
[Date "2013.04.04"]
[Round "4.3"]
[White "Johansen,D"]
[Black "Vajda,Le"]
[Result "0-1"]
[WhiteTitle "GM"]
[BlackTitle "GM"]
[WhiteElo "2430"]
[BlackElo "2632"]
[WhiteFideId "3200035"]
[BlackFideId "1203975"]
[EventDate "2013.04.03"]

1. c4 Nf6 2. Nc3 g6 3. e4 d6 4. d4 Bg7 5. Be2 Nbd7 6. Nf3 O-O 7. O-O e5 8. d5
Nc5 9. Qc2 a5 10. Bg5 Bd7 11. Nd2 h6 12. Be3 h5 13. f3 Kh7 14. b3 Bh6 15. Bxh6
Kxh6 16. a3 Kg7 17. b4 axb4 18. axb4 Rxa1 19. Rxa1 Na6 20. Rb1 Qb8 21. Kf1 Qa7
22. Qd3 Rb8 23. Nd1 Ne8 24. Qe3 Qxe3 25. Nxe3 b5 26. cxb5 Bxb5 27. Bxb5 Rxb5 28.
Nc2 Nb8 29. Na3 Rb7 30. Nac4 Na6 31. b5 Nc5 32. Ke2 Nd7 33. Rb2 f5 34. Na5 Rb8
35. Ke3 Nef6 36. h3 Nc5 37. Nac4 Nfd7 38. b6 Nxb6 39. Nxb6 cxb6 40. Nc4 fxe4 41.
Nxd6 exf3 42. Kxf3 Nd7 43. Ne4 Ra8 44. Rc2 Ra3+ 45. Kf2 Rd3 46. d6 Kf7 47. Ke2
Rd4 48. Ke3 Ke6 49. g4 hxg4 50. hxg4 b5 51. Rc7 b4 52. g5 b3 53. Nf6 Rxd6 0-1

[Event "Sydney International Open 2013"]
[Site "Sydney AUS"]
[Date "2013.04.04"]
[Round "4.4"]
[White "Varga,Zo"]
[Black "Stocek,J"]
[Result "0-1"]
[WhiteTitle "GM"]
[BlackTitle "GM"]
[WhiteElo "2472"]
[BlackElo "2544"]
[WhiteFideId "700509"]
[BlackFideId "304760"]
[EventDate "2013.04.03"]

1. e4 e5 2. Nf3 Nc6 3. Nc3 Nf6 4. Bb5 Bd6 5. Bxc6 dxc6 6. d4 Bb4 7. Bg5 exd4 8.
Nxd4 h6 9. Bxf6 Qxf6 10. Qd2 Bg4 11. Nb3 a5 12. a3 Bd6 13. O-O Bf4 14. Qe1 O-O-O
15. f3 Be6 16. g3 Bxb3 17. gxf4 Bxc2 18. b4 Qxf4 19. Rf2 Bd3 20. bxa5 Qg5+ 21.
Rg2 Qxa5 22. Rxg7 Rhg8 23. Rg3 h5 24. Kh1 Rxg3 25. hxg3 Ba6 26. Kg2 Rd3 27. Rc1
Qxa3 28. Rc2 Kb8 29. f4 h4 30. gxh4 Qb3 31. Qc1 f6 32. Kh2 Qe6 0-1

[Event "Sydney International Open 2013"]
[Site "Sydney AUS"]
[Date "2013.04.05"]
[Round "5.1"]
[White "Li Chao2"]
[Black "Sethuraman,S"]
[Result "1/2-1/2"]
[WhiteTitle "GM"]
[BlackTitle "GM"]
[WhiteElo "2686"]
[BlackElo "2541"]
[WhiteFideId "8604436"]
[BlackFideId "5021596"]
[EventDate "2013.04.03"]

1. c4 Nf6 2. Nc3 e5 3. g3 Nc6 4. Bg2 Bc5 5. e3 d5 6. cxd5 Nb4 7. d3 Nfxd5 8.
Nxd5 Nxd5 9. Nf3 Qe7 10. O-O O-O 11. a3 c6 12. b4 Bd6 13. Bb2 a5 14. e4 Nc7 15.
d4 axb4 16. dxe5 Bc5 17. axb4 Rxa1 18. Qxa1 Bxb4 19. Nd4 Be6 20. Nf5 Qc5 21. Bd4
Qc2 22. Rc1 Qd3 23. Rd1 Qe2 24. Bb6 Nb5 25. Rc1 Ba3 26. Re1 Qc2 27. Nd4 Nxd4 28.
Qxa3 Qd2 29. Qe3 Nb3 30. Qxd2 Nxd2 31. f4 g6 32. Ra1 Nc4 33. Bc5 Rd8 34. Bf1 Nd2
35. Bb6 Rc8 36. Bd3 c5 37. Rd1 Nf3+ 38. Kf2 Nxh2 39. Bb5 Ng4+ 40. Ke2 c4 41. Ra1
f6 42. Ra7 fxe5 43. Rxb7 Nf6 44. Re7 Bg4+ 45. Ke3 c3 46. Rc7 exf4+ 47. gxf4 Rxc7
48. Bxc7 Bf3 49. Bc4+ Kg7 50. e5 Ne4 51. e6 c2 52. Be5+ Kf8 53. Bb2 Nd6 54. Bd3
Bg4 55. Ba3 Ke8 56. Kf2 Bxe6 57. Bxc2 1/2-1/2

[Event "Sydney International Open 2013"]
[Site "Sydney AUS"]
[Date "2013.04.05"]
[Round "5.3"]
[White "Stocek,J"]
[Black "Heberla,B"]
[Result "1/2-1/2"]
[WhiteTitle "GM"]
[BlackTitle "GM"]
[WhiteElo "2544"]
[BlackElo "2562"]
[WhiteFideId "304760"]
[BlackFideId "1115120"]
[EventDate "2013.04.03"]

1. d4 d5 2. c4 c6 3. Nf3 Nf6 4. Nc3 dxc4 5. e3 b5 6. a4 b4 7. Nb1 Ba6 8. Be2 e6
9. O-O Be7 10. Nbd2 c3 11. bxc3 bxc3 12. Nb1 O-O 13. Nxc3 c5 14. Ba3 cxd4 15.
Nxd4 Bxa3 16. Rxa3 Bxe2 17. Qxe2 Nc6 18. Nxc6 1/2-1/2

[Event "Sydney International Open 2013"]
[Site "Sydney AUS"]
[Date "2013.04.05"]
[Round "5.4"]
[White "Rishi,S"]
[Black "Van Wely,L"]
[Result "0-1"]
[BlackTitle "GM"]
[WhiteElo "2232"]
[BlackElo "2684"]
[WhiteFideId "25004301"]
[BlackFideId "1000268"]
[EventDate "2013.04.03"]

1. e4 c5 2. Nc3 e6 3. Nge2 a6 4. d4 cxd4 5. Nxd4 Qc7 6. Bd3 Nf6 7. O-O Bc5 8.
Nb3 Ba7 9. Bg5 d6 10. Kh1 Nbd7 11. f4 b5 12. Bxb5 axb5 13. Nxb5 Qc6 14. Nxd6+
Kf8 15. e5 h6 16. Bh4 Ne8 17. Na5 Qd5 18. Qxd5 exd5 19. Nxc8 Rxc8 20. c3 g5 21.
fxg5 Nxe5 22. Bg3 Ng6 23. Rad1 hxg5 24. Rxd5 Be3 25. Bf2 Nf6 26. Rd4 Bxf2 27.
Rxf2 Re8 28. g3 Ne4 29. Rg2 g4 30. Nc4 Ng5 31. Nd2 Nf3 32. Re4 Rd8 33. Ree2 Nge5
34. Rgf2 Rd3 35. Nf1 Rd1 0-1

[Event "Sydney International Open 2013"]
[Site "Sydney AUS"]
[Date "2013.04.05"]
[Round "6.1"]
[White "Sethuraman,S"]
[Black "Vajda,Le"]
[Result "0-1"]
[WhiteTitle "GM"]
[BlackTitle "GM"]
[WhiteElo "2541"]
[BlackElo "2632"]
[WhiteFideId "5021596"]
[BlackFideId "1203975"]
[EventDate "2013.04.03"]

1. d4 Nf6 2. c4 g6 3. Nc3 Bg7 4. g3 O-O 5. Bg2 d6 6. Nf3 Nbd7 7. O-O e5 8. e4 c6
9. h3 exd4 10. Nxd4 Re8 11. Be3 Nc5 12. Qc2 Qe7 13. Rfe1 Qf8 14. Rad1 Bh6 15. f4
a5 16. Bf2 Nfd7 17. b3 Nb8 18. Nf3 Nba6 19. Qd2 Bg7 20. Bd4 a4 21. Bxg7 Qxg7 22.
Nxa4 Nxa4 23. bxa4 Qf8 24. Qxd6 Qxd6 25. Rxd6 Nc5 26. Ne5 Rxa4 27. g4 Kg7 28. g5
Rxa2 29. Ng4 Bxg4 30. hxg4 Rc2 31. e5 Rxc4 32. Rf1 Ne6 33. f5 Nxg5 34. e6 fxe6
35. Rd7+ Kh6 36. f6 Rb4 37. Kh2 Rf8 38. Re7 Rxg4 39. Rxb7 e5 40. Bxc6 Rf4 41.
Rh1 0-1

[Event "Sydney International Open 2013"]
[Site "Sydney AUS"]
[Date "2013.04.05"]
[Round "6.2"]
[White "Czebe,A"]
[Black "Li Chao2"]
[Result "0-1"]
[WhiteTitle "GM"]
[BlackTitle "GM"]
[WhiteElo "2479"]
[BlackElo "2686"]
[WhiteFideId "705268"]
[BlackFideId "8604436"]
[EventDate "2013.04.03"]

1. c4 Nf6 2. Nc3 e5 3. e3 Bb4 4. Nge2 O-O 5. Nd5 Nxd5 6. cxd5 d6 7. a3 Ba5 8.
Nc3 Nd7 9. Bc4 f5 10. O-O Qh4 11. d3 Nf6 12. b4 Bb6 13. Na4 Bd7 14. Nxb6 axb6
15. f4 Kh8 16. Bd2 b5 17. Bb3 c6 18. dxc6 Bxc6 19. h3 Qg3 20. Qe2 Nh5 21. Be1
Qg6 22. Ra2 exf4 23. exf4 Ng3 24. Bxg3 Qxg3 25. Bc2 Bd5 26. Raa1 Rfc8 27. Rf2
Re8 28. Qd2 Re3 29. Re1 Rxe1+ 30. Qxe1 Bxg2 31. Re2 Qxe1+ 32. Rxe1 Bd5 33. d4 g6
34. Re3 Rc8 35. Bd3 Bc4 36. Bf1 b6 37. Bg2 d5 38. Kf2 Ra8 39. Ke1 Kg7 40. h4 Kf6
41. Kd2 h6 42. Rg3 Rh8 43. Rh3 Rh7 44. Rg3 Ra7 45. Bh1 Re7 46. Re3 Rc7 47. Rc3
Rc6 48. Bg2 g5 49. hxg5+ hxg5 50. Rh3 Kg6 51. fxg5 Kxg5 52. Bf3 Kf4 53. Bd1 Rg6
54. Rf3+ Ke4 55. Rf2 Rg3 0-1

[Event "Sydney International Open 2013"]
[Site "Sydney AUS"]
[Date "2013.04.05"]
[Round "6.4"]
[White "Lei Tingjie"]
[Black "Stocek,J"]
[Result "0-1"]
[BlackTitle "GM"]
[WhiteElo "2232"]
[BlackElo "2544"]
[WhiteFideId "8605114"]
[BlackFideId "304760"]
[EventDate "2013.04.03"]

1. e4 e5 2. Nc3 Bc5 3. g3 d6 4. Bg2 Nc6 5. Nge2 a6 6. d3 Be6 7. Nd5 Ba7 8. O-O
h5 9. h4 Qd7 10. Be3 Bxe3 11. Nxe3 Nh6 12. d4 Bh3 13. c3 Bxg2 14. Kxg2 f5 15.
dxe5 Nxe5 16. exf5 Nxf5 17. Nxf5 Qxf5 18. Qd5 O-O-O 19. Nd4 Qd7 20. Qe6 Rde8 21.
Qxd7+ Kxd7 22. Nf5 g6 23. Ne3 Nd3 24. b3 c6 25. Rad1 Nc5 26. Nc4 Re6 27. Rfe1
Rxe1 28. Rxe1 b5 29. Nd2 a5 30. f3 d5 31. Kh3 b4 32. c4 Re8 33. Rxe8 Kxe8 34. g4
Nd3 35. Kg3 Kf7 36. f4 Nc1 37. f5 Nxa2 38. fxg6+ Kxg6 39. gxh5+ Kxh5 40. Kf4
Kxh4 41. Ke5 Nc3 42. cxd5 cxd5 43. Nf3+ Kg3 44. Nd4 Kf2 45. Nc6 Ke3 46. Nd4 Ne2
47. Nc6 a4 48. Nxb4 axb3 49. Nxd5+ Kd3 50. Nb4+ Kc4 51. Nd5 b2 52. Ne3+ Kd3 0-1

[Event "Sydney International Open 2013"]
[Site "Sydney AUS"]
[Date "2013.04.06"]
[Round "7.1"]
[White "Li Chao2"]
[Black "Vajda,Le"]
[Result "1-0"]
[WhiteTitle "GM"]
[BlackTitle "GM"]
[WhiteElo "2686"]
[BlackElo "2632"]
[WhiteFideId "8604436"]
[BlackFideId "1203975"]
[EventDate "2013.04.03"]

1. d4 Nf6 2. c4 c5 3. d5 e5 4. Nc3 d6 5. e4 Be7 6. g3 a6 7. Bg2 Nbd7 8. Nge2 h5
9. h4 Nf8 10. a3 Bd7 11. Bg5 Rc8 12. Qd2 Ng4 13. f3 f6 14. Be3 Nxe3 15. Qxe3 Ng6
16. f4 f5 17. O-O-O exf4 18. Nxf4 Nxf4 19. gxf4 O-O 20. e5 b5 21. Bf3 b4 22. Nb1
bxa3 23. Nxa3 Be8 24. Rdg1 Kh7 25. Rg2 Rh8 26. Qd3 Bf8 27. Qxf5+ g6 28. Qe4 Bh6
29. Bxh5 Rf8 30. Bxg6+ Kh8 31. Bf5 Rc7 32. Kb1 Rcf7 33. Rg6 1-0

[Event "Sydney International Open 2013"]
[Site "Sydney AUS"]
[Date "2013.04.06"]
[Round "7.2"]
[White "Stocek,J"]
[Black "Van Wely,L"]
[Result "1/2-1/2"]
[WhiteTitle "GM"]
[BlackTitle "GM"]
[WhiteElo "2544"]
[BlackElo "2684"]
[WhiteFideId "304760"]
[BlackFideId "1000268"]
[EventDate "2013.04.03"]

1. d4 d5 2. c4 c6 3. Nc3 Nf6 4. e3 e6 5. a3 Nbd7 6. Bd2 Be7 7. Qc2 O-O 8. Nf3 b6
9. Be2 Bb7 10. O-O dxc4 11. Bxc4 Rc8 12. Rfd1 c5 13. Be2 Qc7 14. Be1 cxd4 15.
Nxd4 Ne5 16. h3 a6 17. a4 Rfd8 18. Rac1 Qb8 19. Bf1 h6 20. Qb3 Bc5 21. Be2 Kh8
22. Rd2 Qa8 23. Bf1 Ng6 24. Qd1 Nh4 25. f3 Nf5 26. Bf2 Nxd4 27. exd4 Bd6 28. Qe1
Qb8 29. Rdd1 Bf4 30. Be3 Bh2+ 31. Kh1 Nh5 32. Ne2 a5 33. Qh4 Ng3+ 34. Nxg3 Bxg3
35. Qe7 Kg8 36. Bb5 Bd6 37. Qh4 Rxc1 38. Rxc1 Rc8 39. Qe1 Bd5 40. Rxc8+ Qxc8 41.
Qc3 Qa8 42. Kg1 Bg3 43. Bc4 Bb7 44. Bf2 Bd6 45. b3 Qd8 46. Qd3 Qg5 47. Qe3 Bf4
48. Qe2 Bd6 49. Qe3 Qd8 50. Qd3 Bc7 51. Ba6 Ba8 52. Qc2 Qd6 53. Bd3 Bc6 54. Kf1
Bd8 55. Bb5 Bb7 56. Bd3 Bc6 57. Bb5 Bb7 58. Bd3 Bf6 59. Be4 Ba6+ 60. Bd3 Bb7 61.
Be4 Ba6+ 62. Bd3 Bb7 1/2-1/2

[Event "Sydney International Open 2013"]
[Site "Sydney AUS"]
[Date "2013.04.06"]
[Round "7.3"]
[White "Cheng,Bo"]
[Black "Sethuraman,S"]
[Result "0-1"]
[WhiteTitle "FM"]
[BlackTitle "GM"]
[WhiteElo "2425"]
[BlackElo "2541"]
[WhiteFideId "4300033"]
[BlackFideId "5021596"]
[EventDate "2013.04.03"]

1. d4 Nf6 2. c4 g6 3. Nc3 Bg7 4. e4 d6 5. h3 O-O 6. Bg5 c5 7. d5 e6 8. Bd3 exd5
9. exd5 Re8+ 10. Nge2 Nbd7 11. f4 b5 12. Nxb5 Qb6 13. Qc2 Ba6 14. Nc3 Bb7 15.
Bh4 Bh6 16. Bg5 Bg7 17. Bh4 Bh6 18. Qd2 a5 19. g4 Ne5 20. Rf1 Nxd3+ 21. Qxd3 Bg7
22. Rb1 Ba6 23. b3 Ra7 24. f5 Nd7 25. f6 Bh6 26. g5 Ne5 27. Qd2 Bf8 28. Kf2 Bc8
29. Kg2 Bd7 30. a4 Raa8 31. Bg3 Qb7 32. Ng1 Bf5 33. Rxf5 gxf5 34. Nb5 Qd7 35.
Rf1 Ng6 36. Qd3 Re4 37. Qf3 Rf4 38. Bxf4 Nh4+ 39. Kf2 Nxf3 40. Nxf3 Re8 41. Nh4
Re4 42. Kf3 h6 43. g6 Qe8 44. g7 Bxg7 45. fxg7 Rxf4+ 46. Kxf4 Qe2 47. Rg1 Qe4+
48. Kg3 f4+ 49. Kh2 Qe5 50. Nf3 Qe2+ 51. Rg2 Qxf3 52. Nxd6 Qc3 53. Nc8 Qe5 54.
d6 f3+ 55. Rg3 Qe2+ 56. Kh1 Qf1+ 57. Kh2 Qe2+ 58. Kh1 f2 0-1

[Event "Sydney International Open 2013"]
[Site "Sydney AUS"]
[Date "2013.04.06"]
[Round "8.1"]
[White "Van Wely,L"]
[Black "Li Chao2"]
[Result "1-0"]
[WhiteTitle "GM"]
[BlackTitle "GM"]
[WhiteElo "2684"]
[BlackElo "2686"]
[WhiteFideId "1000268"]
[BlackFideId "8604436"]
[EventDate "2013.04.03"]

1. Nf3 Nf6 2. c4 c5 3. d4 cxd4 4. Nxd4 Qc7 5. Nc3 a6 6. e4 e6 7. Be2 b6 8. a3
Bb7 9. f3 Nc6 10. Be3 Nxd4 11. Bxd4 Bd6 12. Na4 Bxh2 13. Nxb6 Rd8 14. Qd2 Qg3+
15. Kf1 Nh5 16. Rd1 O-O 17. Bg1 Bxg1 18. Kxg1 Nf4 19. Bf1 f5 20. Qf2 Qxf2+ 21.
Kxf2 fxe4 22. Rxd7 exf3 23. g3 Ng2 24. Bd3 h6 25. Rd1 Rb8 26. c5 e5 27. Rxb7
Rxb7 28. Be4 Rbb8 29. b4 Nf4 30. gxf4 Rxf4 31. Re1 g5 32. Nd5 Rf7 33. c6 g4 34.
c7 Rc8 35. Rc1 Kh8 36. a4 h5 37. b5 axb5 38. axb5 g3+ 39. Kxg3 f2 40. Bg2 Rg8+
41. Kh2 1-0

[Event "Sydney International Open 2013"]
[Site "Sydney AUS"]
[Date "2013.04.06"]
[Round "8.2"]
[White "Sethuraman,S"]
[Black "Stocek,J"]
[Result "1/2-1/2"]
[WhiteTitle "GM"]
[BlackTitle "GM"]
[WhiteElo "2541"]
[BlackElo "2544"]
[WhiteFideId "5021596"]
[BlackFideId "304760"]
[EventDate "2013.04.03"]

1. e4 e5 2. Nf3 Nc6 3. d4 exd4 4. Nxd4 Bb4+ 5. c3 Bc5 6. Nxc6 bxc6 7. Bd3 a5 8.
O-O d6 9. Nd2 Nf6 10. Nc4 O-O 11. Bg5 Re8 12. Bh4 a4 13. Re1 d5 14. exd5 Rxe1+
15. Qxe1 cxd5 16. Ne5 Bb7 17. Qe2 Qd6 18. Bxf6 Qxf6 19. Nd7 Qd6 20. Nxc5 Qxc5
21. Re1 g6 22. Qe7 Qc6 23. a3 d4 24. Be4 Qb5 25. Bxb7 Qxb7 26. Qb4 Rb8 27. Qxa4
d3 28. Re8+ Rxe8 29. Qxe8+ Kg7 30. Qe5+ Kg8 31. Qe8+ Kg7 32. Qe5+ Kg8 33. Qe8+ 1/2-1/2